000 00582nam a2200181Ia 4500
008 090123s9999 xx 000 0 und d
082 _b16228
100 _aकानिटकर महेन्द्र
245 _aशुक बहात्तरी
250 _a1
260 _bअक्षर छाया
_c1988
300 _a146
600 _aकानिटकर महेन्द्र
630 _aशुक बहात्तरी
700 _aकानिटकर महेन्द्र
730 _aशुक बहात्तरी
942 _cBOOK
999 _c54292
_d54292